Unlocking the dangers (Record no. 83492)
[ view plain ]
| 000 -LEADER | |
|---|---|
| fixed length control field | 01061cab a22002655a 4500 |
| 001 - CONTROL NUMBER | |
| control field | L154091 |
| 008 - FIXED-LENGTH DATA ELEMENTS--GENERAL INFORMATION | |
| fixed length control field | 111012e20111008xxk 000 0 eng d |
| 035 ## - SYSTEM CONTROL NUMBER | |
| System control number | (Sirsi) u154091 |
| 041 0# - LANGUAGE CODE | |
| Language code of text/sound track or separate title | eng |
| 100 1# - MAIN ENTRY--PERSONAL NAME | |
| Personal name | Armitage, Simon |
| 245 00 - TITLE STATEMENT | |
| Title | Unlocking the dangers |
| 260 ## - PUBLICATION, DISTRIBUTION, ETC. | |
| Date of publication, distribution, etc. | 2011 |
| 490 ## - SERIES STATEMENT | |
| Series statement | Estates Gazette |
| Volume/sequential designation | (1140) 8 October 2011, 98-99(2) |
| 520 ## - SUMMARY, ETC. | |
| Summary, etc. | Duty of care, occupiers' liability, trespassers and manslaughter, adequte insurance coer are key issues which property managers responsible for managing empty properties need to take into consideration. The number of empty premises are increasing as retailers go into administration and office premises become vacant. |
| 590 ## - LOCAL NOTE (RLIN) | |
| Local note | KA |
| 650 24 - SUBJECT ADDED ENTRY--TOPICAL TERM | |
| Topical term or geographic name entry element | DONOGHUE V STEVENSON |
| 650 24 - SUBJECT ADDED ENTRY--TOPICAL TERM | |
| Topical term or geographic name entry element | OCCUPIERS' LIABILITY ACT 1957 |
| 650 24 - SUBJECT ADDED ENTRY--TOPICAL TERM | |
| Topical term or geographic name entry element | OCCUPIERS LIABILITY ACT 1984 |
| 650 24 - SUBJECT ADDED ENTRY--TOPICAL TERM | |
| Topical term or geographic name entry element | BRITISH RAILWAYS BOARD V HERRINGTON |
| 650 24 - SUBJECT ADDED ENTRY--TOPICAL TERM | |
| Topical term or geographic name entry element | CORPORATE MANSLAUGHTER AND CORPORATE HOMICIDE ACT 2007 |
| 651 #4 - SUBJECT ADDED ENTRY--GEOGRAPHIC NAME | |
| Geographic name | United Kingdom |
| Chronological subdivision | |
| 690 ## - LOCAL SUBJECT ADDED ENTRY--TOPICAL TERM (OCLC, RLIN) | |
| Topical term or geographic name as entry element | PROPERTY-INFRASTRUCTURE |
| 700 1# - ADDED ENTRY--PERSONAL NAME | |
| Personal name | Highmore, Sue |
| 942 ## - ADDED ENTRY ELEMENTS (KOHA) | |
| Suppress in OPAC | 0 |
| Withdrawn status | Lost status | Source of classification or shelving scheme | Damaged status | Not for loan | Home library | Current library | Shelving location | Date acquired | Total Checkouts | Full call number | Barcode | Date last seen | Copy number | Price effective from | Koha item type |
|---|---|---|---|---|---|---|---|---|---|---|---|---|---|---|---|
| Dewey Decimal Classification | London | London | Journal article | 12/10/2011 | L154091 | 154091-1001 | 06/08/2019 | 1 | 06/08/2019 | Journal article |